01122nam a2200277Ia 450000500170000000800270001702000180004410000360006224500520009825000170015030000270016749000190019450000550021350502710026865000300053965000320056965000320060194200150063326400470064833600270069533700330072233800280075504000350078308400110081899900150082920220317000329.0141031s9999 ck 000 0 spa d a97895883754271 aRubiano Vargas, Roberto,d1952-10aGentecita del montón cRoberto Rubiano Vargas a1a edición a108 páginasc22 cm. aVoces de fuego aIncluye datos biográficos del autor en la solapa aGentecita del montón -- Noche artificial -- La sombra de la mujercita flor -- Los prisioneros -- Tayrona blues -- Una mojarra bien frita -- Bocachica otra vez -- Orden público -- La iniciación -- Un domingo antes del fin del mundo -- Las verdes colinas de Suba142LEMBaCuentos colombianos142LEMBaLiteratura colombiana142LEMBaAmor en la literatura 2loccBKLIT aCartagena de IndiasbPluma de Mompoxc2011 atextobtxt2rdacontent asin mediaciónbn2rdamedia avolumenbnc2rdacarrier aCO-BoRNBPbspaerdacCO-BoRNBP aC RUB5 c3742d3742